Opening Pandora's box? (Record no. 82576)
[ view plain ]
| 000 -LEADER | |
|---|---|
| fixed length control field | 00791cad a22002055a 4500 |
| 001 - CONTROL NUMBER | |
| control field | E150620 |
| 008 - FIXED-LENGTH DATA ELEMENTS--GENERAL INFORMATION | |
| fixed length control field | 100804s2010 xxk 000 0 eng u |
| 035 ## - SYSTEM CONTROL NUMBER | |
| System control number | (Sirsi) u150620 |
| 041 0# - LANGUAGE CODE | |
| Language code of text/sound track or separate title | eng |
| 100 1# - MAIN ENTRY--PERSONAL NAME | |
| Personal name | Rushton, Trevor |
| 245 00 - TITLE STATEMENT | |
| Title | Opening Pandora's box? |
| Medium | [electronic resource] |
| 260 ## - PUBLICATION, DISTRIBUTION, ETC. | |
| Date of publication, distribution, etc. | 2010 |
| 490 #4 - SERIES STATEMENT | |
| Series statement | The Journal |
| -- | RICS Building Surveying Journal |
| Volume/sequential designation | July/August 2010, 26-29(3) |
| 520 ## - SUMMARY, ETC. | |
| Summary, etc. | Discusses the use of nanotechnology in built environment materials and looks at how this technology might develop in the future. |
| 590 ## - LOCAL NOTE (RLIN) | |
| Local note | KA |
| 651 #4 - SUBJECT ADDED ENTRY--GEOGRAPHIC NAME | |
| Geographic name | United Kingdom |
| Chronological subdivision | |
| 690 ## - LOCAL SUBJECT ADDED ENTRY--TOPICAL TERM (OCLC, RLIN) | |
| Topical term or geographic name as entry element | BUILT ENVIRONMENT-BUILDING MATERIALS |
| 856 41 - ELECTRONIC LOCATION AND ACCESS | |
| Uniform Resource Identifier | <a href="https://www.rics.org/site/scripts/documents_info.aspx?documentID=143">https://www.rics.org/site/scripts/documents_info.aspx?documentID=143</a> |
| Public note | View this item (member-only access) at www.rics.org |
| 942 ## - ADDED ENTRY ELEMENTS (KOHA) | |
| Suppress in OPAC | 0 |
| Withdrawn status | Lost status | Source of classification or shelving scheme | Damaged status | Not for loan | Home library | Current library | Shelving location | Date acquired | Total Checkouts | Full call number | Barcode | Date last seen | Copy number | Price effective from | Koha item type |
|---|---|---|---|---|---|---|---|---|---|---|---|---|---|---|---|
| Dewey Decimal Classification | Virtual | Virtual | Online | 04/08/2010 | ONLINE PUBLICATION | 150620-2001 | 06/08/2019 | 1 | 06/08/2019 | Journal article |